IEP Lyon - CF Droit administratif (5) - Statistiques

Statistiques générales
  • Ce quiz a été pris 9 fois
  • Le résultat moyen est 12 sur 39
Statistiques - réponses
Hint Réponse % Correct
La jurisprudence Kreisker date de ... : lorsque la circulaire devient un règlement, elle devient un acte et peut donc faire l’objet d’un recours pour excès de pouvoir 1954
100%
Il y a un délai commun de ... mois de recours pour excès de pouvoir 2
67%
En principe, le silence de l'administration gardé pendant 2 mois vaut ... d'après la loi du 30 octobre 2013 acceptation
67%
- Les actes administratifs REGLEMENTAIRES (les règlements): Ils ont une portée ... et ..., à l’instar des lois. Ils visent toujours une catégorie abstraite d’individus : les citoyens français, les handicapés, les étrangers en situation irrégulière, les personnes âgées, les chômeurs.... générale / impersonnelle
67%
Les AAU qui ne font pas ... ne modifient pas la situation juridique de l'administré (mesures ordre intérieur par ex) grief
67%
L’acte administratif unilatéral [verticalité de l’administration vers l’administré] (AAU) est un acte juridique par lequel l’administration modifie l’... juridique, c’est-à-dire fixe de nouvelles règles juridiques créant, modifiant ou supprimant des droits et obligations (autorisation, sanction, interdiction, nomination, etc...). ordonnancement
67%
Qui fait des arrêtés ? (plusieurs possibilités) L'Etat et l'état décentralisé sont des auteurs d'AAU préfet / maire / gouvernement
67%
Sont des actes administratifs uniquement les actes des personnes privées investies d’une mission de service public dès lors qu’elles mettent en œuvre des ... de puissance publique confiées par habilitation à ces organismes. prérogative
67%
Les règles de compétence.
= les règles les règles les plus strictes, les plus formalistes.
=> règles sont considérées comme fondamentales dans un état de ... => elles sont prévues à la fois par la constitution, par des lois et décrets ou par la jurisprudence.
droit
50%
D'abord Kreisker 1954 puis CE, Mme ..., 18 décembre 2002 : circulaire comportant une interprétation [réponse précédente] -> nouveau critère de recevabilité du recours pour excès de pouvoir Duvignères
50%
On appelle décision ... la décision née du silence gardée par l’administration pendant un certain délais. implicite
50%
- Les actes administratifs ... : Ils visent une ou plusieurs personnes déterminées. Ex. : La décision de nomination d’un fonctionnaire ; une sanction disciplinaire... individuel
50%
Si l’acte en cause ne concerne pas l’exécution même du service public, mais l’organisation interne de la discipline, et notamment pour les fédérations ..., les règles purement ..., il sera considéré comme une simple décision qui ne se distingue en rien de celles que peuvent prendre n’importe quelles personnes privées. Ex : CE, 25 juin 2001, SAOS Toulouse football club ou CE, 29 septembre 2003, Pontault-Combault handball sportive
50%
Les actes réguliers ne peuvent qu'être abrogés et uniquement s'ils ne sont pas créateurs de ... (l'administration n’est pas tenue de maintenir perpétuellement toutes ses décisions). Les principes de sécurité juridique et de non-rétroactivité interdisent à l'administration de retirer les actes réguliers ayant conféré des droits (sauf décision obtenue par fraude ou à la demande du bénéficiaire si cela ne lèse pas les tiers). droit
33%
Qui fait les décrets ? Le ... gouvernement
33%
Les actes ... des personnes publiques sont toujours des actes administratifs. En revanche, certains actes non ... sont des actes de droit privé. - Les décisions non ... relatives à la gestion du domaine privé
Les personnes privées gèrent leur domaine privé comme les personnes privées gèrent leur propriété privée. - Les décisions non ... relatives aux SPIC Ces services publics sont exploités selon le mode de la gestion privée.
réglementaire
33%
Les actes irréguliers ne sont pas soumis au même régime. Lorsqu'ils sont réglementaires et illégaux, l'administration a une obligation d'..., posée par la jurisprudence (CE, Ass., 3 février 1989, Compagnie Alitalia) et reprise par la loi du 20 décembre 2007. abrogation
17%
Un acte administratif ne peut disposer que pour l'... (pas de rétroactivité) avenir
17%
L’avis ... facultatif
Dans cette hypothèse, l’avis doit être demandé par l’autorité administrative, mais il ne la lie pas.
L’avis ... obligatoire
Ici, l’autorité administrative est obligée de consulter l’organisme prévu.
=/ liée par l'avis
L’avis conforme
consultatif
17%
=> le principe de parallélisme des compétences. L’autorité compétente pour édicter un acte est la même que celle qui peut faire ... l’acte. disparaître
17%
La loi fait ... au contrôle de constitutionnalité écran
17%
- Une décision ... est une décision prise expressément (c’est-à-dire en s’exprimant) par l’administration. En général, un acte administratif est ..., sous forme écrite, verbale... explicite
17%
Acte de gouvernement.
Circulaire : Chef de service envers personnel admin.
Circulaire ... = font grief.
impérative
17%
La naissance des Principes Généraux du Droit : - CE Sect. 26 juin 1959 Syndicat général des ... conseils*
Cet arrêt affirme très clairement la valeur juridique des principes généraux du droit, résultant en l'occurrence de la constitution de 1946,
=> valeur infra-législative et supra-décrétale : les principes généraux du droit "résultant notamment du préambule de la Constitution, s'imposent à toute autorité réglementaire, même en l'absence de dispositions législatives".
ingénieur
17%
L'acte réglementaire fait l'objet d'une publication générale impersonnelle : publication L'acte individuel fait l'objet d'une ratification à l'intéressé, on lui adresse donc une ... notification
17%
La délégation doit obéir à 4 conditions générales, règles des 4P : nommer un des P prévue / précise / publiée / partielle
17%
Eléments communs aux AAU
- ... de l'auteur
- la ... - élément de droit
qualité / date
17%
Le remplacement provisoire peut être fait par 2 formules :
- la suppléance est nécessairement prévue par un texte.
- l’intérim, peut se faire sans texte car il est très bref.
La délégation (remplacement permanent)
- certaines autorités administratives ont besoin de se décharger quasiment en permanence d’une partie de leurs responsabilités
=> délégation de ...
signature
17%
Acte de gouv : Acte exécutif rapport Parlement / Acte de pouvoir exécutif concernant les OI
et Etats étrangers.
Matière expulsion et extradition (plus le cas), et essais nucléaires…
Acte de droit ... : pas des décisions mais susceptible sde recours (Avis, reco, mises en
gardes, prises de position susceptible sde recours.
souple
17%
Pour les actes individuels (et mesure de police un peu similaire aussi), il faut un ... et une ... (si acte négatif) + voies et recours visa / motivation
17%
Loi demeura inconforme a un traité international. jurisprudence CE de quelle année ? (le truc du tabac là) ; juge admin peut vérifier conformité loi à des directives communautaires. 1992
0%
Conseil d’Etat, Section, 6 novembre 1936, ... : « le requérant demandait l'annulation de décrets pris en application d'une loi dont il jugeait les dispositions contraires à la Constitution. Le Conseil d'État l'a débouté, s'estimant incompétent. » Arrighi
0%
Contrôle de constitutionnalité des directives ... : CE Ass, 8 février 2007, Société Arcélor et autres -> décret relatif aux quotas gaz à effet de serre protocole de Kyoto communautaire
0%
Quand décret = directive en droit national (donc égal) mais si ne correspond pas, on prend un décret non conforme à la constit mais à la ...
Si décret =/= directive
Constitution =/= principe communautaire (on demande au juge communautaire - CJUE).
convention
0%
Dans la hiérarchie des normes, les .... et les ... qui forment les AAU sont en-dessous des lois < traités internationaux < Constitution décret / arrêté
0%
1989, jurisprudence ... : veut annuler opérations électorales pour Parlement européen -> abandon de la théorie de la loi-écran dans le contrôle de conventionnalité Nicolo
0%
CC : .... (Principes fondamentaux reconnus par les lois de la République) + Loi -> ex: CE Ass, 3 juillet 1996, Koné (histoire d'extradition)CE : PGD + Décret + Arrêté. (donner initiales) PFRLR
0%
Les effets de la décision exécutoire.
- Juge de référés.
- Recours normal : jamais suspensif.
- Demande express pour demander au juge la suspension des effets.
- Pv ... juge, efface tous les effets décision;
rétroactivité
0%
Si pas de loi fait écran pas de problème.
Convention internationale : loi pas conforme a un ... pour justifier illégalité décret.
Ecarter application de la loi.
traité
0%
Aucun quiz correspondant
Distribution des résultats
% des personnes avec chaque résultat
Percentile par nombre de réponses
Votre historique - résultats
Vous n’avez pas pris ce quiz